Asamblea nacional constitutiva /

保存先:
書誌詳細
団体著者: Asociación de Trabajadores del Campo [de Nicaragua]
フォーマット: 図書
言語:スペイン語
出版事項: Managua, Nicaragua : Frente Sandinista de Liberación Nacional, Departamento de Propaganda y Educación Política, 1980
主題:
タグ: タグ追加
タグなし, このレコードへの初めてのタグを付けませんか!

MARC

LEADER 00000nam^a2200000^a^4500
001 000394406
005 20250521000000.0
009 20260310121334.418
037 |a Acervo ITESO - Biblioteca 
041 |a ESP 
082 |a 338. 187285  |b ATC 
110 |a Asociación de Trabajadores del Campo [de Nicaragua] 
245 1 0 |a Asamblea nacional constitutiva /  |c Asociación de Trabajadores del Campo [de Nicaragua]. 
264 1 |a Managua, Nicaragua :  |b Frente Sandinista de Liberación Nacional, Departamento de Propaganda y Educación Política,  |c 1980 
300 |a 85 p. 
336 |a texto  |b txt  |2 rdacontenido 
337 |a sin mediación  |b n  |2 rdamedio 
338 |a volumen  |b nc  |2 rdasoporte 
649 |a XX 
650 |a Campesinos -  |z Nicaragua -  |x Condiciones Políticas -  |x Tema Principal 
650 |a Gremios y Oficios -  |z Nicaragua 
650 |a Movimientos Campesinos -  |z Nicaragua -  |x Tema Principal 
650 |a Sociología Laboral 
650 |a Nicaragua -  |x Condiciones Políticas 
650 |a Nicaragua -  |x Condiciones Sociales y Culturales 
910 |a Fondo Carlos Núñez Hurtado 
920 |a Impresos - Libros 
930 |a Fondos Especiales 
905 |a 117 
901 |a 0500289608  |b IT2  |c ESP  |i D79724  |u 20250521 
902 |a https://opac.biblio.iteso.mx/vufind/Record/000394406